000 00548nam a2200181Ia 4500
003 GCL
008 140319s9999 xx 000 0 ara d
040 _aGCL /
_cGCL
082 0 4 _a247.3
_bج ن
100 1 _aجعفر محمد عبدى
245 1 0 _aالتهج الاسلامى لماذا /
_cجعفر محمد عبدى
260 _a[S.N] :
_bالمكتب المصرى الحديث ،
_c1981
300 _a475 ص
490 _a
650 0 4 _aالاسلام والمجتمع
650 0 4 _aالاسلام فى السودان
942 _2ddc
_cBK
999 _c54031
_d54031